Alphabetical General Knowledge #3 - Statistics

General Stats
  • This quiz has been taken 490 times
  • The average score is 18 of 26
Answer Stats
Letter Hint Answer % Correct
D What is 'the Rock's' first name Dwayne
89%
P Which religious figure lives in the Vatican Pope
88%
V Which Holiday is celebrated on the 14th of February Valentine's Day
87%
C Diamond is formed from which element Carbon
86%
F What is the tallest mountain in Japan Fuji
85%
Z Leo and Taurus are examples of what Zodiac Signs
83%
S Which movie featured characters such as Pinnochio and Princess Fiona Shrek
79%
X What is the british version of the TV show american idol X-Factor
78%
U Which movie studio created great films like King Kong and Jaws Universal
76%
O What is the capital city of Canada Ottawa
75%
M What is the spanish word for mother Madre
74%
I What city was once known as Constantinople Istanbul
73%
E In Which Film does Will Ferrel play a man called Buddy Elf
72%
T Which island nation can be found 180km east of China Taiwan
71%
W who invented the aeroplane The Wright brothers
70%
J Which actor played the lead in the movie 'the mask' Jim Carrey
69%
H Which Harry Potter House is represented by a badger Hufflepuff
68%
R Which french vegetable dish is entirely made of onions, courgettes, tomatoes, aubergines and peppers: fried and stewed in oil Ratatouille
64%
Y The French word 'Jaune' means what in English Yellow
63%
B Which European city hosted the 1992 Olympic Games Barcelona
62%
A Which African animal literally means 'earth pig' in Afrikaans Aardvark
52%
N What is interstellar cloud of gas called Nebula
51%
G What art museum can be found in New York and Bilbao The Guggenheim
45%
K The only two countries with the outline of their country on their flag are Cyprus and what Kosovo
40%
L Which actor played spock in star trek:the original series Leonard Nimoy
40%
Q Which Quidditch ball must be thrown into the goal hoops in order to score Quaffle
30%
No matching quizzes found
Score Distribution
Percent of People with Each Score
Percentile by Number Answered
Your Score History
You have not taken this quiz